Research Journal of Computer Science and Information Technology / (Record no. 532313)
[ view plain ]
| 000 -LEADER | |
|---|---|
| fixed length control field | 00440nam a22001217a 4500 |
| 022 ## - INTERNATIONAL STANDARD SERIAL NUMBER | |
| International Standard Serial Number | 2519-7991 E-2521-0122 |
| 100 ## - MAIN ENTRY--PERSONAL NAME | |
| Personal name | Lahore Garrison University. |
| 245 ## - TITLE STATEMENT | |
| Title | Research Journal of Computer Science and Information Technology / |
| Statement of responsibility, etc | Lahore Garrison University. |
| 260 ## - PUBLICATION, DISTRIBUTION, ETC. (IMPRINT) | |
| Place of publication, distribution, etc | Lahore: |
| Name of publisher, distributor, etc | www.research.lgu.edu.pk |
| 300 ## - PHYSICAL DESCRIPTION | |
| Dimensions | 24cm. |
| 650 ## - SUBJECT ADDED ENTRY--TOPICAL TERM | |
| Topical term or geographic name as entry element | Computer Science - Periodicals, Information Technology - Periodicals. |
| 942 ## - ADDED ENTRY ELEMENTS (KOHA) | |
| Koha item type | Continuing Resources |
| Damaged status | Not for loan | Permanent Location | Current Location | Date acquired | Full call number | Barcode | Koha item type |
|---|---|---|---|---|---|---|---|
| Central Library (CL) | Central Library (CL) | 11/18/2019 | Vol-2, No-2, (Apr - Jun) 2018 | S-2023 | Continuing Resources | ||
| Central Library (CL) | Central Library (CL) | 01/24/2020 | Vol-3, No-1, (Jan - Mar) 2019 | S-93049 | Continuing Resources |
